Cd̤igos Oficiales Jurd̕ica de Chile

Bibliographic Details
Format: Book
Language:Spanish
Published: Chile : Jurd̕ica de Chile, 2010.
Subjects:
Online Access:Acceso restringido

MARC

LEADER 00000nam a2200000 a 4500
005 20120613181334.0
007 cr|||| ||||
008 101118s2010 cl 000 spa d
035 |a 5060 
040 |a BUS  |d vLex 
090 |c 3176  |d 3176 
245 1 0 |a Cd̤igos Oficiales Jurd̕ica de Chile  |h [Recurso electrn̤ico] 
256 |a Servicio en ln̕ea. 
260 |a Chile :  |b Jurd̕ica de Chile,  |c 2010. 
300 |a 1 recurso electrn̤ico 
500 |a Esta fuente contiene las ediciones publicadas los aǫs 2011, 2010 y 2009. Para ver las ediciones publicadas en 2012 consulte los Cd̤igos Oficiales Jurd̕ica de Chile 2012 
506 1 |a Contenido solo disponible en los productos indicados  |d vLex Global   |d vLex Global (Academic Edition, excluding Law Schools)   |d vLex Global (U.S. Academic Edition, Law Schools)   |d vLex Global (U.S. Academic Edition, excluding Law Schools)   |d vLex Global (Academic Edition, Law Schools)  
650 0 |a Derecho penal  |x Chile. 
740 0 |a vLex Libros (Servicio en ln̕ea) 
856 4 0 |u http://vlex.com/source/codigos-oficiales-juridica-chile-5060  |z Acceso restringido 
942 |c BOOK 
999 |a Criminal law